| 000 | 00642nam a2200229 i 4500 | ||
|---|---|---|---|
| 001 | 16708 | ||
| 003 | ES-MaACL | ||
| 005 | 20230906151358.0 | ||
| 007 | t| | ||
| 008 | 001026s1999 sp ||||1| spa d | ||
| 020 | _a84-8198-304-7 | ||
| 080 | _a821.134.2-14"19" | ||
| 100 | 1 |
_aKlecker de Elizalde, Carmen. _968187 |
|
| 245 | 1 | 0 |
_aPor donde nace la noche / _cCarmen Klecker de Elizalde. |
| 250 | _a1ª ed. | ||
| 260 |
_a[Madrid] : _bMorandi, _c[1999] |
||
| 300 |
_a62 p. ; _c19 cm. |
||
| 490 | 1 |
_aMorandi poesía ; _v25 |
|
| 830 | 0 |
_aMorandi poesía ; _v25 _9223577 |
|
| 852 |
_aES-MaACL _jL-23733 _bR.129025 |
||
| 999 |
_c16708 _d16708 |
||